Thiết kế mẫu và mỹ thuật công nghiệp với CorelDRAW X4

Nội dung sách gồm 10 bài tập vẽ những mẫu vật dụng thường gặp trong đời thường, 3 bài tập đầu thiết kế với Corel 13 (X3). Hướng dẫn thiết thiết các mẫu sản phẩm từ cơ bản đến nâng cao, giúp bạn đọc có thể sáng tạo và thiết thiết...

תיאור מלא

שמור ב:
מידע ביבליוגרפי
פורמט: ספר
שפה:Undetermined
יצא לאור: [Hà Nội] Giao thông vận tải 2008
נושאים:
תגים: הוספת תג
אין תגיות, היה/י הראשונ/ה לתייג את הרשומה!
Thư viện lưu trữ: Trung tâm Học liệu Trường Đại học Cần Thơ
LEADER 01167nam a2200205Ia 4500
001 CTU_158981
008 210402s9999 xx 000 0 und d
020 |c 60000 
082 |a 745.20285 
082 |b Th308 
245 0 |a Thiết kế mẫu và mỹ thuật công nghiệp với CorelDRAW X4 
245 0 |c Biên soạn: Việt Hùng Vũ, Ánh Tuyết, Quang Hiển 
260 |a [Hà Nội] 
260 |b Giao thông vận tải 
260 |c 2008 
520 |a Nội dung sách gồm 10 bài tập vẽ những mẫu vật dụng thường gặp trong đời thường, 3 bài tập đầu thiết kế với Corel 13 (X3). Hướng dẫn thiết thiết các mẫu sản phẩm từ cơ bản đến nâng cao, giúp bạn đọc có thể sáng tạo và thiết thiết ra nhiều sản phẩm bắt mắt. 
650 |a CorelDRAW!,Computer graphics,Thiết kế công nghiệp,Đồ họa vi tính,CorelDRAW! 
650 |x Industrial design 
904 |i Ánh Vân (Bé Ba), Giang 
980 |a Trung tâm Học liệu Trường Đại học Cần Thơ